Statistics for Alpine Ski World Cup Men Overall winners

Click here to take the quiz!

General Stats

  • This quiz has been taken 261 times
    (19 since last reset)
  • The average score is 13 of 25

Answer Stats

YearAnswer% Correct
1998, 2000, 2001, 2004Hermann Maier
83%
1995Alberto Tomba
78%
2005, 2008Bode Miller
78%
2012, 2013, 2014, 2015, 2016, 2017, 2018, 2019Marcel Hirscher
72%
1976, 1977, 1978Ingemar Stenmark
72%
2007, 2009Aksel Lund Svindal
72%
2011Ivica Kostelić
67%
1984, 1987, 1988, 1990Pirmin Zurbriggen
61%
1994Kjetil André Aamodt
61%
2010Carlo Janka
56%
1985, 1986, 1989, 1991, 1993Marc Girardelli
56%
1996, 1999Lasse Kjus
56%
2006Benjamin Raich
50%
2020Alexander Aamodt Kilde
44%
1967, 1968Jean-Claude Killy
44%
1997Luc Alphand
44%
1981, 1982, 1983Phil Mahre
44%
2002, 2003Stephan Eberharter
39%
2021Alexis Pinturault
39%
1992Paul Accola
33%
1971, 1972, 1973, 1975Gustav Thöni
33%
1974Piero Gros
28%
1979Peter Lüscher
22%
1980Andreas Wenzel
17%
1969, 1970Karl Schranz
6%

Score Distribution

Percentile by Number Answered

Percent of People with Each Score

Your Score History

You have not taken this quiz since the last reset